Manuálne versus automatické hodnotenie testov ECDL

Slovensko sa zapojilo do systému ECDL relatívne neskoro, čo má za následok nie len to, že rozšírenosť certifikátu ECDL je slabšia ako v okolitých štátoch, ale aj užšiu paletu ponúkaných prvkov systému ECDL. V niekoľkých krajinách sveta už zaviedli alebo uvažujú o zavedení automatického hodnotenia te...

Ausführliche Beschreibung

Gespeichert in:
Bibliographische Detailangaben
1. Verfasser: Pólya, Attila
Format: Buchkapitel
Sprache:Slowakisch
Schlagworte:
Tags: Tag hinzufügen
Keine Tags, Fügen Sie das erste Tag hinzu!

MARC

LEADER 00000nla$a2200000$$$4500
001 0103541
005 20240502072127.7
041 0 |a slo 
044 |a SK 
245 1 0 |a Manuálne versus automatické hodnotenie testov ECDL  |c Attila Pólya 
520 |a Slovensko sa zapojilo do systému ECDL relatívne neskoro, čo má za následok nie len to, že rozšírenosť certifikátu ECDL je slabšia ako v okolitých štátoch, ale aj užšiu paletu ponúkaných prvkov systému ECDL. V niekoľkých krajinách sveta už zaviedli alebo uvažujú o zavedení automatického hodnotenia testov ECDL. Obraz o možných dopadoch zavedenia takéhoto spôsobu hodnotenia testov ECDL na Slovensku tak z hľadiska uchádzača ako aj z hľadiska akreditovaného testovacieho centra a akreditovaného skúšobného komisára. 
610 2 0 |a vzdelávanie 
610 2 0 |a technológie informačné 
610 2 0 |a technológie komunikačné 
610 2 0 |a počítače 
610 2 0 |a testy 
610 2 0 |a certifikáty 
100 1 |a Pólya, Attila